| 000 | 00000nam##2200000za#4500 |
| 001 | 9.647260 |
| 003 | CaOODSP |
| 005 | 20210921095709 |
| 007 | ta |
| 008 | 150407|1999||||xxc||||| f|0| 0 eng|d |
| 020 | |a0-662-27620-5 |
| 040 | |aCaOODSP|beng |
| 043 | |an-cn--- |
| 086 | 1 |aC2-422/1999E |
| 110 | 1 |aCanada. |bOffice of Consumer Affairs. |
| 245 | 10|aCanadian consumer handbook |
| 260 | |aOttawa - Ontario : |bIndustry Canada. |c1999. |
| 300 | |a95p. ; |c23 cm. |
| 563 | |aSoftcover |
| 590 | |a00-25|b2000-06-23 |
| 690 | 07|aConsumer protection|2gcpds |
| 775 | 08|tGuide du consomateur canadien |w(CaOODSP)9.680690 |
| 776 | 0#|tCanadian consumer handbook |w(CaOODSP)9.647643 |
| 776 | 0#|tCanadian consumer handbook |w(CaOODSP)9.647644 |
| 776 | 0#|tCanadian consumer handbook |w(CaOODSP)9.647645 |
| 776 | 0#|tCanadian consumer handbook |w(CaOODSP)9.647653 |
| 776 | 0#|tCanadian consumer handbook |w(CaOODSP)9.695151 |
| 986 | |a52644E |